| 000 | 01004nam a2200229Ii 4500 | ||
|---|---|---|---|
| 003 | JO-AjNU | ||
| 008 | 230605s9999||||xx |||||||||||||| ||und|| | ||
| 017 | _a2011/21139 | ||
| 020 | _a977-6223-18-9 | ||
| 040 |
_aJO-AjNU _bara _erda _cJO-AjNU |
||
| 041 | _aara | ||
| 050 | 1 | 4 | _aKRM2735.A287.2012 |
| 100 | 3 |
_aأبو سمهدانة، عبد الناصر عبدالله, _eauthor _944399 |
|
| 245 | 0 | 0 | _aالقرار الإداري في النظرية والتطبيق : دراسة تحليلية في ضوء أحدث التعديلات التشريعية وآراء الفقه |
| 250 | _aط1 | ||
| 264 | 3 | 1 | _aالقاهرة : المركز القومي للاصدارات القانونية ، 2012 |
| 300 |
_a305ص _bبشتمل على قائمة بالمراجع الببلوغرافية ص (284-297) |
||
| 336 |
_atext _btxt _2rdacontent |
||
| 337 |
_aunmediated _bn _2rdamedia |
||
| 338 |
_avolume _bnc _2rdacarrier |
||
| 650 | 4 |
_aالقرار الاداري -- قوانين وتشريعات _944400 |
|
| 999 |
_aA19168 _c22736 _d22736 |
||